Countries in Indiana Jones and the Infernal Machine - Statistics

General Stats
  • This quiz has been taken 28 times
  • The average score is 5 of 8
Answer Stats
Hint Answer % Correct
Country where Indy researches the ruins of Babylon Iraq
82%
Country Indy parachutes into before crossing the border China
73%
Country that Indy returns to in the bonus level to finally get that idol Peru
64%
Country of the USSR where the first machine part is located Kazakhstan
59%
US state where Indy searches for treasure Utah
59%
Country where the third machine part is kept in a pyramid Mexico
50%
Country where the fourth machine part is found, in King Solomon's mines Sudan
50%
Island country where the second machine part is hidden Philippines
41%
No matching quizzes found
Score Distribution
Percent of People with Each Score
Percentile by Number Answered
Your Score History
You have not taken this quiz